000 00348nam a2200145Ia 4500
008 230711s9999||||xx |||||||||||||| ||und||
041 _aENG
082 _a800
_bGU-S
100 _aGurdev Singh
245 0 _aService digest digest recent
250 _a1st Ed.
260 _c1998
_aNew Delhi
_bNavug Publications
650 _aLiterature
942 _cBK
999 _c3701
_d3701